000 00603nam a2200169 4500
008 100219s1977 paua b 000 0 eng d
090 _aBX921
_bL89r
100 1 _aLosoncy, Lawrence J.,
_d1941-
245 1 0 _aReligious education and the life cycle /
_cLawrence J. Losoncy.
260 _aBethlehem, Pa. :
_bCatechetical Communications,
_cc1977.
300 _a121 p. :
_bill. ;
_c23 cm.
504 _aBibliography: p. 115.
610 2 4 _aCatholic Church
_xEducation.
650 4 _aChristian education
_xPhilosophy.
951 _p33593
_x00038736
_oBX921/L89r
_j100219173925750
_d2000-12-21
_cGC
999 _c34048
_d34048